01257nam a2200325 a 4500001001000000003000500010005001700015008004100032010001100073011001100084040000900095090001000104100004100114245012100155260004100276500006000317502006900377590004100446590004000487590004000527650003800567650003900605650004400644856007000688901000700758942001000765942000600775999001900781952013100800000115411CHAP20220329144533.0190520s2018 mx a |sm |||||||spa d a111872 a112844 cCHAP aTesis1 aMartínez Juárez, Lucero.913566210aEstudio del consumo del carbón vegetal en Texcoco, Edo. de Méxicoh[En línea]cpor Lucero Martínes Juárez. aChapingo, Méx. :bEl autor,c2018. aPara ver el contenido del material haga clic en la liga aTesis (Ing. Forestal) -- UACH. División de Ciencias Forestales aBATCH-UPDb05c20190520lUCH01h1159 aE6339RRRb05c20190520lUCH01h1159 aE6339RRRb05c20190520lUCH01h120014aCarbón como combustible.91885314aCarbón vegetalxConsumo.913566314aCarbón vegetalxProducción.9126822 aFinding aiduhttp://10.13.5.2/tesis/sist115411.pdfzTeclea aquí aBK cTESIS n0 c111872d111872 00104054718TESISaBCbBCd2019-05-20fTESISl0oTesisp115420-10r2019-12-31 00:00:00w2019-12-31yTESISzRecien adquirido